Statistiche per Top 10 Città più popolose Provincia di Imperia

Clicka qui per fare il quiz!

Statistiche generali

  • Questo quiz è stato fatto 8 volte
  • Il punteggio medio è 7 su 10

Statistiche sulle risposte

Popolazione (ab.)Città% Corretto
42 322Imperia
100%
23 926Ventimiglia
100%
10 416Bordighera
88%
54 137Sanremo
88%
14 032Taggia
75%
6 004Diano Marina
63%
3 386Ospedaletti
63%
5 419Camporosso
38%
3 127San Bartolomeo al Mare
25%
7 032Vallecrosia
13%

Distribuzione punteggi

Percentile per numero di risposta

Percentuale di utenti per punteggio

I tuoi punteggi nel tempo

Non hai fatto questo quiz